| 000 | 00464nam a2200181Ia 4500 | ||
|---|---|---|---|
| 008 | 230711s9999||||xx |||||||||||||| ||und|| | ||
| 020 | _a978-81-265-08838-9 | ||
| 041 | _aENG | ||
| 082 |
_a621.3121 _bWO-P |
||
| 100 | _aWood,Allen J | ||
| 245 | 0 | _aPower generation,operation and control | |
| 250 | _a2nd Ed. | ||
| 260 |
_c2012 _aDelhi _bWiley Eastern Limited |
||
| 300 | _a569 | ||
| 650 | _aElectrical Engineering | ||
| 700 | _aWollenberg,Bruce F | ||
| 942 | _cBK | ||
| 999 |
_c5102 _d5102 |
||